An essay upon the life, writings and character of Dr. Jonathan Swift / (Record no. 165924)
[ view plain ]
| 000 -LEADER | |
|---|---|
| campo de control de longitud fija | 00865nam a22002295i 4500 |
| 001 - NÚMERO DE CONTROL | |
| campo de control | 165924 |
| 003 - IDENTIFICADOR DE NÚMERO DE CONTROL | |
| campo de control | ES-MaACL |
| 005 - FECHA Y HORA DE LA ÚLTIMA TRANSACCIÓN | |
| campo de control | 20251012212632.0 |
| 008 - DATOS DE LONGITUD FIJA--INFORMACIÓN GENERAL | |
| campo de control de longitud fija | 050913s1755 xxk | |||||||| ||eng d |
| 040 ## - FUENTE DE CATALOGACIÓN | |
| Centro catalogador/agencia de origen | CAM |
| Lengua de catalogación | spa |
| Centro/agencia transcriptor | CAM |
| 100 1# - ENTRADA PRINCIPAL--NOMBRE DE PERSONA | |
| Nombre de persona | Swift, Deane. |
| 9 (RLIN) | 132981 |
| 245 10 - MENCIÓN DEL TÍTULO | |
| Título | An essay upon the life, writings and character of Dr. Jonathan Swift / |
| Mención de responsabilidad, etc. | by Deane Swift. |
| 260 ## - PUBLICACIÓN, DISTRIBUCIÓN, ETC. | |
| Lugar de publicación, distribución, etc. | London : |
| Nombre del editor, distribuidor, etc. | [s.n.], |
| Fecha de publicación, distribución, etc. | 1755 ( |
| Fabricante | printed for Charles Bathurst) |
| 300 ## - DESCRIPCIÓN FÍSICA | |
| Extensión | [2], 375, [1], 53 p. ; |
| Dimensiones | 8º. |
| 505 8# - NOTA DE CONTENIDO CON FORMATO | |
| Nota de contenido con formato | The appendix. The family of Swift, 53 p. |
| 597 ## - NOTA DE DESCRIPCIÓN FÍSICA | |
| NOTA DE DESCRIPCIÓN FÍSICA | Sign.: [A]\p1\s, B-2A\p8\s, 2B\p4\s, A-C\p8\s, D\p3\s. |
| 700 1# - ENTRADA AGREGADA--NOMBRE PERSONAL | |
| Nombre de persona | Bathurst, Charles, |
| Término indicativo de función/relación | |
| 9 (RLIN) | 125856 |
| 700 ## - ENTRADA AGREGADA--NOMBRE PERSONAL | |
| Nombre de persona | Swift, Jonathan- |
| Subencabezamiento de forma | Biografías |
| 9 (RLIN) | 224282 |
| 752 ## - ENTRADA AGREGADA--NOMBRE JERÁRQUICO DEL LUGAR | |
| País o entidad superior | Gran Bretaña - |
| Ciudad | Londres |
| 852 ## - LOCALIZACIÓN | |
| Ubicación | ES-MaACL |
| Número de control de estantería | R-1927 |
| Nota libre | -- Enc. piel grabada verde |
| Signatura antigua | -- Olim: C-2233 |
| Estatus retirado | Estado de pérdida | Estado de daño | No para préstamo | Colección | Biblioteca de origen | Biblioteca actual | Ubicación en estantería | Fecha de adquisición | Fuente de adquisición | Total de préstamos | Signatura topográfica completa | Código de barras | Visto por última vez | Precio de reemplazo | Tipo de ítem Koha |
|---|---|---|---|---|---|---|---|---|---|---|---|---|---|---|---|
| Libros del s. XVIII | Biblioteca del Ateneo de Madrid | Biblioteca del Ateneo de Madrid | Depósito | 17/01/2008 | R-1927 | 1174009 | 23/02/2023 | 23/02/2023 | Libro impreso antiguo |
